LEADER 00927nam2-22003371i-450 001 990000174600403321 005 20180119093921.0 035 $a000017460 035 $aFED01000017460 035 $a(Aleph)000017460FED01 035 $a000017460 100 $a20011111d1884----km-y0itay50------ba 101 0 $aita 105 $ay-------001yy 200 1 $a[Tavole]. 17 tav. : ill. 210 $aFirenze$cPresso A.F. Negro$d1884- 215 $av.$d24 cm 461 0$1001000013237$12001$aGeometria pratica applicata all'arte del costruttore 610 0 $aTopografia 676 $a526.98 700 1$aCurioni,$bGiovanni$f<1831-1887>$06174 801 0$aIT$bUNINA$gRICA$2UNIMARC 901 $aBK 912 $a990000174600403321 952 $a13 AR 25 B 03$b22177/B$fFINBC 952 $aVAR 59.B$b2780.b$fDINED 959 $aFINBC 959 $aDINED 996 $a17 tav. : ill$9121302 997 $aUNINA DB $aING01 LEADER 03690nam 2200685 a 450 001 9910457170703321 005 20200520144314.0 010 $a1-280-65865-7 010 $a9786613635587 010 $a1-61048-541-6 035 $a(CKB)2550000000084395 035 $a(EBL)860145 035 $a(OCoLC)775873209 035 $a(SSID)ssj0000637001 035 $a(PQKBManifestationID)12245161 035 $a(PQKBTitleCode)TC0000637001 035 $a(PQKBWorkID)10677184 035 $a(PQKB)10361141 035 $a(SSID)ssj0000646278 035 $a(PQKBManifestationID)12276526 035 $a(PQKBTitleCode)TC0000646278 035 $a(PQKBWorkID)10685088 035 $a(PQKB)11783381 035 $a(MiAaPQ)EBC860145 035 $a(Au-PeEL)EBL860145 035 $a(CaPaEBR)ebr10532590 035 $a(CaONFJC)MIL363558 035 $a(EXLCZ)992550000000084395 100 $a20110725d2012 uy 0 101 0 $aeng 135 $aur|n|---||||| 181 $ctxt 182 $cc 183 $acr 200 00$aInnovative voices in education$b[electronic resource] $eengaging diverse communities /$fEileen Gale Kugler, executive editor 210 $aLanham, Md. $cRowman & Littlefield Education$d2012 215 $a1 online resource (313 p.) 300 $aDescription based upon print version of record. 311 $a1-61048-540-8 311 $a1-61048-539-4 320 $aIncludes bibliographical references and index. 327 $aContents; Foreword; Preface; Acknowledgments; Building Respectful Schools; Chapter 01. Closing the Culture Gap in Public Education: A Commentary; Chapter 02. A Foot in Two Worlds; Chapter 03. Valuing the Individual bBreaking Through Assumptions; The Personal Power of a Teacher; Chapter 04. Montana's Indian Education for All; Chapter 05. The Importance of Student Stories; Chapter 06. Serving Long-Term English Learners by Building Literacy in Two Languages; Chapter 07. Addressing Silences; Chapter 08. A Calling to Teach; Courageous Leaders; Chapter 09. Serving Marginalized Children 327 $aChapter 10. Forging Relationships with High School Students That Impact Learning and AchievementChapter 11. The Equitable Leader; Community: The Village It Takes; Chapter 12. From Survivors to Leader; Chapter 13. Ready to Learn; Chapter 14. The Power of Family Aspirational Values on Student Academic Success; Global Perspectives; Chapter 15. Healing a World of "Terror" by "Valuing Diversity"; Chapter 16. The Passion of a Lifelong Australian Educator; Chapter 17. Multicultural to Intercultural; Index; About the Editor and Contributors 330 $a"Diverse schools offer enriched academic and social environments, as students and families of different backgrounds and experiences provide a vibrant mosaic of insights, perspectives, and skills. This book highlights stories from around the world, as innovative teachers, educational leaders, and community activists passionately share personal accounts of their successes, challenges, and lessons learned"-- Provided by publisher. 606 $aChildren of minorities$xEducation$zUnited States 606 $aChildren of immigrants$xEducation$zUnited States 606 $aMulticultural education$zUnited States 608 $aElectronic books. 615 0$aChildren of minorities$xEducation 615 0$aChildren of immigrants$xEducation 615 0$aMulticultural education 676 $a370.1170973 701 $aKugler$b Eileen Gale$f1950-$01053379 801 0$bMiAaPQ 801 1$bMiAaPQ 801 2$bMiAaPQ 906 $aBOOK 912 $a9910457170703321 996 $aInnovative voices in education$92485249 997 $aUNINA LEADER 05089nam 2200685 450 001 9910787982303321 005 20200903223051.0 010 $a90-04-26784-0 024 7 $a10.1163/9789004267848 035 $a(CKB)2670000000553865 035 $a(EBL)1694714 035 $a(SSID)ssj0001180403 035 $a(PQKBManifestationID)11672410 035 $a(PQKBTitleCode)TC0001180403 035 $a(PQKBWorkID)11139394 035 $a(PQKB)10435008 035 $a(MiAaPQ)EBC1694714 035 $a(nllekb)BRILL9789004267848 035 $a(Au-PeEL)EBL1694714 035 $a(CaPaEBR)ebr10875029 035 $a(CaONFJC)MIL613204 035 $a(OCoLC)880827261 035 $a(PPN)178915564 035 $a(EXLCZ)992670000000553865 100 $a20140609h20142014 uy 0 101 0 $aeng 135 $aur|n|---||||| 181 $ctxt 182 $cc 183 $acr 200 00$aJews, Christians, and Muslims in medieval and early modern times $ea festschrift in honor of Mark R. Cohen /$fedited by Arnold E. Franklin [and three others] ; A. L. Udovitch, foreword 210 1$aLeiden, The Netherlands :$cBrill,$d2014. 210 4$dİ2014 215 $a1 online resource (441 p.) 225 1 $aChristians and Jews in Muslim Societies,$x2212-5523 ;$vVolume 2 300 $aDescription based upon print version of record. 311 $a90-04-25733-0 320 $aIncludes bibliographical references and index. 327 $tPreliminary Material -- $tIntroduction /$rArnold E. Franklin , Roxani Eleni Margariti , Marina Rustow and Uriel Simonsohn -- $tHow Mediterranean Was Goitein?s Mediterranean Society? /$rNorman A. Stillman -- $tA???bun? l-tujj?r?Our Associates, the Merchants: Non-Jewish Business Partners of the Cairo Geniza?s India Traders /$rRoxani Eleni Margariti -- $tPilgrimage and Charity in the Geniza Society /$rMiriam Frenkel -- $tPoor Relief in Ottoman Jewish Communities /$rYaron Ayalon -- $t?What Sort of Sermon is This??: Leadership, Resistance and Gender in a Communal Conflict /$rOded Zinger -- $tWhy Did Medieval Northern French Jewry (?arfat) Disappear? /$rIvan G. Marcus -- $tAre Gaonic Responsa a Reliable Source for the Study of Jewish Conversion to Islam? A Comparative Analysis of Legal Sources /$rUriel Simonsohn -- $tWhat?s in a Name? ?Abdall?h born Is??q born al-Shan??a al-Muslim?n? l-Isr???l? and Conversion to Islam in Medieval Cordoba /$rDavid J. Wasserstein -- $tJews among the Grandees of Ottoman Egypt /$rJane Hathaway -- $tRemembrance and Oblivion of Religious Persecutions: On Sanctifying the Name of God (Qiddush ha-Shem) in Christian and Islamic Countries during the Middle Ages /$rMenahem Ben-Sasson -- $tThe Mu?ammadan Stipulations: Dhimm? Versions of the Pact of ?Umar /$rPhillip I. Ackerman-Lieberman -- $tJews in Shar??a Courts: A Family Dispute from the Cairo Geniza /$rJessica M. Marglin -- $tPerception of Piracy in Islamic Shar??a /$rHassan S. Khalilieh -- $tJew and Serf in Medieval France Revisited /$rWilliam Chester Jordan -- $tCleanliness and Convivencia: Jewish Bathing Culture in Medieval Spain /$rOlivia Remie Constable -- $tFriendship and Hierarchy: Rhetorical Stances in Geniza Mercantile Letters /$rJessica L. Goldberg -- $tMore than Words on a Page: Letters as Substitutes for an Absent Writer /$rArnold E. Franklin -- $tThe Diplomatics of Leadership: Administrative Documents in Hebrew Script from the Geniza /$rMarina Rustow -- $tFinancial Troubles: A Mamluk Petition /$rPetra M. Sijpesteijn -- $t?Az mi-lifnei vereishit?: The Suffering Messiah in the Seventh Century /$rMartha Himmelfarb -- $tA Panegyric Qa??da by Yehuda ha-Levi, Its Antecedent by Shelomo Ibn Gabirol, and Its Afterlife /$rRaymond P. Scheindlin -- $tHebrew Vestiges in Sa?adya?s Tafs?r /$rSasson Somekh -- $tEpilogue /$rNatalie Zemon Davis -- $tIndex. 330 $aThis volume brings together articles on the cultural, religious, social and commercial interactions among Jews, Christians and Muslims in the medieval and early modern periods. Written by leading scholars in Jewish studies, Islamic studies, medieval history and social and economic history, the contributions to this volume reflect the profound influence on these fields of the volume?s honoree, Professor Mark R. Cohen. 410 0$aChristians and Jews in Muslim societies ;$vVolume 2. 606 $aReligions$xHistory 606 $aAbrahamic religions$xHistory 606 $aReligions$xRelations 606 $aAbrahamic religions$xRelations 615 0$aReligions$xHistory. 615 0$aAbrahamic religions$xHistory. 615 0$aReligions$xRelations. 615 0$aAbrahamic religions$xRelations. 676 $a201/.509 702 $aCohen$b Mark R.$f1943- 702 $aFranklin$b Arnold E$g(Arnold Efrem),$f1971- 702 $aUdovitch$b A. L. 801 0$bMiAaPQ 801 1$bMiAaPQ 801 2$bMiAaPQ 906 $aBOOK 912 $a9910787982303321 996 $aJews, Christians, and Muslims in medieval and early modern times$93808573 997 $aUNINA